<?xml version="1.0" encoding="UTF-8"?>
<collection xmlns="http://www.loc.gov/MARC21/slim">
 <record>
  <leader>01836nam a22002417a 4500</leader>
  <controlfield tag="001">NCT_4_014017</controlfield>
  <controlfield tag="008">241016b        xxu||||| |||| 00| 0 vie d</controlfield>
  <datafield tag="999" ind1=" " ind2=" ">
   <subfield code="c">8660</subfield>
   <subfield code="d">8660</subfield>
  </datafield>
  <datafield tag="020" ind1=" " ind2=" ">
   <subfield code="a">9786043167733</subfield>
   <subfield code="c">145000</subfield>
  </datafield>
  <datafield tag="082" ind1="0" ind2="4">
   <subfield code="2">23rd ed.</subfield>
   <subfield code="a">333.794</subfield>
   <subfield code="b">H527</subfield>
  </datafield>
  <datafield tag="100" ind1="1" ind2=" ">
   <subfield code="a">Dương Ngọc Huyền</subfield>
  </datafield>
  <datafield tag="245" ind1="1" ind2="0">
   <subfield code="a">Cơ sở năng lượng tái tạo</subfield>
   <subfield code="c">Dương Ngọc Huyền</subfield>
  </datafield>
  <datafield tag="260" ind1=" " ind2=" ">
   <subfield code="a">H.</subfield>
   <subfield code="b">Bách khoa Hà Nội</subfield>
   <subfield code="c">2022</subfield>
  </datafield>
  <datafield tag="300" ind1=" " ind2=" ">
   <subfield code="a">251 tr.</subfield>
   <subfield code="b">Minh hoạ</subfield>
   <subfield code="c">24 cm</subfield>
  </datafield>
  <datafield tag="520" ind1="3" ind2=" ">
   <subfield code="a">Nội dung sách trình bày tổng quan về lịch sử tiến hóa sử dụng năng lượng và năng lượng tái tạo; đặc trưng của bức xạ mặt trời;  tương tác của bức xạ mặt trời và vật chất; giới thiệu công nghệ điện mặt trời; nguồn gốc, tiềm năng và đặc trưng của gió trên mặt đất;...</subfield>
  </datafield>
  <datafield tag="653" ind1=" " ind2=" ">
   <subfield code="a">Quản lý tài nguyên &amp; Môi trường</subfield>
  </datafield>
  <datafield tag="942" ind1=" " ind2=" ">
   <subfield code="2">ddc</subfield>
   <subfield code="c">BK</subfield>
  </datafield>
  <datafield tag="952" ind1=" " ind2=" ">
   <subfield code="0">0</subfield>
   <subfield code="1">0</subfield>
   <subfield code="2">ddc</subfield>
   <subfield code="4">0</subfield>
   <subfield code="6">333_794000000000000_H527</subfield>
   <subfield code="7">0</subfield>
   <subfield code="9">29775</subfield>
   <subfield code="a">000001</subfield>
   <subfield code="b">000001</subfield>
   <subfield code="d">2024-10-21</subfield>
   <subfield code="o">333.794 H527</subfield>
   <subfield code="p">MD.22881</subfield>
   <subfield code="r">2024-10-21</subfield>
   <subfield code="v">145000.00</subfield>
   <subfield code="w">2024-10-21</subfield>
   <subfield code="y">BK</subfield>
  </datafield>
  <datafield tag="952" ind1=" " ind2=" ">
   <subfield code="0">0</subfield>
   <subfield code="1">0</subfield>
   <subfield code="2">ddc</subfield>
   <subfield code="4">0</subfield>
   <subfield code="6">333_794000000000000_H527</subfield>
   <subfield code="7">0</subfield>
   <subfield code="9">29776</subfield>
   <subfield code="a">000001</subfield>
   <subfield code="b">000001</subfield>
   <subfield code="d">2024-10-21</subfield>
   <subfield code="o">333.794 H527</subfield>
   <subfield code="p">MD.22882</subfield>
   <subfield code="r">2024-10-21</subfield>
   <subfield code="v">145000.00</subfield>
   <subfield code="w">2024-10-21</subfield>
   <subfield code="y">BK</subfield>
  </datafield>
  <datafield tag="952" ind1=" " ind2=" ">
   <subfield code="0">0</subfield>
   <subfield code="1">0</subfield>
   <subfield code="2">ddc</subfield>
   <subfield code="4">0</subfield>
   <subfield code="6">333_794000000000000_H527</subfield>
   <subfield code="7">0</subfield>
   <subfield code="9">29777</subfield>
   <subfield code="a">000001</subfield>
   <subfield code="b">000001</subfield>
   <subfield code="d">2024-10-21</subfield>
   <subfield code="o">333.794 H527</subfield>
   <subfield code="p">MD.22883</subfield>
   <subfield code="r">2024-10-21</subfield>
   <subfield code="v">145000.00</subfield>
   <subfield code="w">2024-10-21</subfield>
   <subfield code="y">BK</subfield>
  </datafield>
  <datafield tag="952" ind1=" " ind2=" ">
   <subfield code="0">0</subfield>
   <subfield code="1">0</subfield>
   <subfield code="2">ddc</subfield>
   <subfield code="4">0</subfield>
   <subfield code="6">333_794000000000000_H527</subfield>
   <subfield code="7">0</subfield>
   <subfield code="9">29778</subfield>
   <subfield code="a">000001</subfield>
   <subfield code="b">000001</subfield>
   <subfield code="d">2024-10-21</subfield>
   <subfield code="o">333.794 H527</subfield>
   <subfield code="p">MD.22884</subfield>
   <subfield code="r">2024-10-21</subfield>
   <subfield code="v">145000.00</subfield>
   <subfield code="w">2024-10-21</subfield>
   <subfield code="y">BK</subfield>
  </datafield>
  <datafield tag="952" ind1=" " ind2=" ">
   <subfield code="0">0</subfield>
   <subfield code="1">0</subfield>
   <subfield code="2">ddc</subfield>
   <subfield code="4">0</subfield>
   <subfield code="6">333_794000000000000_H527</subfield>
   <subfield code="7">0</subfield>
   <subfield code="9">29779</subfield>
   <subfield code="a">000001</subfield>
   <subfield code="b">000001</subfield>
   <subfield code="d">2024-10-21</subfield>
   <subfield code="o">333.794 H527</subfield>
   <subfield code="p">MD.22885</subfield>
   <subfield code="r">2024-10-21</subfield>
   <subfield code="v">145000.00</subfield>
   <subfield code="w">2024-10-21</subfield>
   <subfield code="y">BK</subfield>
  </datafield>
  <datafield tag="980" ind1=" " ind2=" ">
   <subfield code="a">Thư viện Trường Đại học Nam Cần Thơ</subfield>
  </datafield>
 </record>
</collection>
